000 00245nam a2200097Ia 4500
001 1116920
005 20250827004055.0
008 250824s9999 xx 000 0 und d
245 0 _aKENDİNİ ARAMAK
_cİHSAN FAZIOĞLU
260 _bKETEBE YAYINLARI
999 _c1116920
_d1116920